| 000 | 00685nam a2200265 a 4500 | ||
|---|---|---|---|
| 003 | AR-BaBNM | ||
| 005 | 20251128203407.0 | ||
| 008 | 082120s2002 ||||||||||||||000 | spa|| | ||
| 040 | _cAR-BaBNM | ||
| 100 | 1 | _aSaenz Soler, Ricardo | |
| 245 | 0 | 0 | _aDerecho constitucional |
| 260 |
_aCórdoba _bAndes _c1952 |
||
| 300 | _a409 p. | ||
| 500 | _aIndice p. 403-409 | ||
| 650 | 4 | _aDERECHO CONSTITUCIONAL | |
| 650 | 4 | _aCONSTITUCIONES | |
| 650 | 4 | _aHISTORIA POLITICA ARGENTINA | |
| 650 | 4 | _aORGANIZACION NACIONAL | |
| 650 | 4 | _aHISTORIA CONSTITUCIONAL | |
| 650 | 4 | _aLEGISLACION ARGENTINA | |
| 651 | 4 | _aArgentina | |
| 700 | 1 | _aLeone, Fernando H. | |
| 942 | _cBK | ||
| 998 | _cAndrea | ||
| 999 |
_c3179 _d3179 |
||